Statistics for Name a Valid Official Language

Click here to take the quiz!

General Stats

  • This quiz has been taken 575 times
    (539 since last reset)
  • The average score is 14 of 20

Answer Stats

Name an official language that...Valid official languages% Correct
has more than 300 million native speakersMandarin | Spanish | English | Hindi
100%
is official in South AfricaXhosa | Zulu | Afrikaans | English | + 7 others
95%
is official in at least three Asian countriesPersian | Mandarin | Arabic | Malay | English
93%
has more than 100 million native speakers in EuropeRussian
91%
starts with the letter CCatalan | Comorian | Chewa | Czech | Croatian
84%
is in the Celtic language familyIrish
84%
is in the Romance language family and is
official only in Europe
Italian | Romanian | Romansh | Catalan
83%
is Slavic, but is NOT written in CyrillicPolish | Czech | Slovak | Slovene | Croatian
78%
is four letters longZulu | Thai | Sámi | Urdu
77%
is derived from DutchAfrikaans
70%
is official in exactly two countriesTurkish | Korean | Romanian | Swedish | + 6 others
69%
only uses Arabic alphabet (beside Arabic itself)Persian | Urdu | Pashto
68%
ends in the letter iBengali | Swahili | Azerbaijani | Māori | Nepali | + 6 others
64%
is official in some country along with ArabicKurdish | English | Somali | French | Berber | Comorian
64%
is official in ASEANVietnamese | Malay | Tagalog | Burmese | + 5 others
61%
is in the Uralic language familyEstonian | Finnish | Hungarian | Sámi
57%
is native to the AmericasQuechua | Aymara | Haitian Creole | Guarani
53%
uses the Devanagari alphabetHindi
43%
is three letters longLao
36%
has 74 alphabet lettersKhmer
18%

Score Distribution

Percentile by Number Answered

Percent of People with Each Score

Your Score History

You have not taken this quiz since the last reset